[Event "VI Torneo Internazionale"]
[Site "Montecatini Terme ITA"]
[Date "2001.02.19"]
[Round "8"]
[White "Sciortino, Massimo"]
[Black "Tomescu, Vlad"]
[Result "0-1"]
[WhiteElo "2155"]
[BlackElo "2427"]
[PlyCount "114"]
[EventDate "2001.02.12"]

1. e4 c5 2. Nc3 Nc6 3. g3 g6 4. Bg2 Bg7 5. d3 e6 6. Be3 Nd4 7. Qd2 d6 8. Nd1 h5
9. c3 Nc6 10. f4 e5 11. Nf3 Bg4 12. O-O Qd7 13. Nh4 Nge7 14. Nf2 Be6 15. Nf3
Bg4 16. Nh4 f6 17. f5 g5 18. Nf3 Bxf3 19. Bxf3 g4 20. Bg2 Ng8 21. a3 Bh6 22.
Nd1 Qg7 23. b4 Nge7 24. bxc5 dxc5 25. Qb2 Bxe3+ 26. Nxe3 b6 27. Nd5 Rc8 28. a4
O-O 29. Qa2 Kh7 30. Rfd1 Rfd8 31. Rac1 Qf7 32. Qe2 Kg7 33. Ne3 Qb3 34. h3 gxh3
35. Bxh3 Rh8 36. Nc4 Nd8 37. a5 Rb8 38. axb6 axb6 39. Qd2 Qa4 40. Ra1 Qc6 41.
Ra6 Qc7 42. Rb1 b5 43. Nd6 b4 44. cxb4 cxb4 45. Rc1 Ndc6 46. Nc4 b3 47. Qb2 Nd4
48. Bf1 Ra8 49. Nb6 Qb7 50. Nxa8 Qxa6 51. Nc7 Qa2 52. Qxa2 bxa2 53. Ra1 Rc8 54.
Ne6+ Nxe6 55. fxe6 Rc2 56. Bg2 Nc6 57. Bf3 Rb2 0-1

[Event "VI Torneo Internazionale"]
[Site "Montecatini Terme ITA"]
[Date "2001.02.19"]
[Round "8"]
[White "Voiska, Margarita"]
[Black "Naumkin, Igor"]
[Result "1/2-1/2"]
[WhiteElo "2320"]
[BlackElo "2446"]
[PlyCount "20"]
[EventDate "2001.02.12"]

1. d4 Nf6 2. Nf3 e6 3. g3 b6 4. Bg2 Bb7 5. O-O Be7 6. c4 O-O 7. Nc3 Ne4 8. Qc2
Nxc3 9. Qxc3 f5 10. b3 Bf6 1/2-1/2

[Event "VI Torneo Internazionale"]
[Site "Montecatini Terme ITA"]
[Date "2001.02.20"]
[Round "9"]
[White "Genocchio, Daniele"]
[Black "Sciortino, Massimo"]
[Result "1-0"]
[WhiteElo "2278"]
[BlackElo "2155"]
[PlyCount "129"]
[EventDate "2001.02.12"]

1. d4 d5 2. Nf3 f5 3. g3 Nf6 4. Bg2 e6 5. c4 c6 6. b3 Bd6 7. O-O Qe7 8. Ne5
Nbd7 9. Bb2 Bxe5 10. dxe5 Ng4 11. Qc2 Ngxe5 12. cxd5 cxd5 13. Qc3 Ng6 14. Qxg7
Qxg7 15. Bxg7 Rg8 16. Bb2 h5 17. Na3 a6 18. Nc2 Ndf8 19. h4 Bd7 20. Rac1 Ne7
21. Bf3 Bc6 22. Bxh5+ Kd7 23. Bf7 Nfg6 24. Bxg8 Rxg8 25. Bf6 Nf4 26. Nd4 Nh5
27. Bxe7 Kxe7 28. Nxc6+ bxc6 29. Rxc6 f4 30. Rc7+ Kd6 31. Rh7 Nf6 32. Ra7 fxg3
33. Rxa6+ Ke5 34. fxg3 Rxg3+ 35. Kf2 Ne4+ 36. Ke1 Rg2 37. e3 Ng3 38. Rf2 Rg1+
39. Kd2 Rh1 40. Ra4 Ne4+ 41. Rxe4+ dxe4 42. Kc3 Rh3 43. Kc4 Rxe3 44. Rh2 Rd3
45. h5 Rd8 46. h6 Rc8+ 47. Kb5 Kd4 48. a4 e3 49. a5 Kd3 50. a6 e2 51. Rh1 Kd2
52. a7 e5 53. Ka6 Rh8 54. b4 e4 55. b5 e3 56. b6 e1=Q 57. Rxe1 Kxe1 58. b7
Rxh6+ 59. Kb5 Rh8 60. b8=Q Rxb8+ 61. axb8=Q e2 62. Kc4 Kf2 63. Qb6+ Ke1 64. Qd6
Kf1 65. Qd3 1-0

[Event "VI Torneo Internazionale"]
[Site "Montecatini Terme ITA"]
[Date "2001.02.20"]
[Round "9"]
[White "Lovric, Branko"]
[Black "Drei, Andrea"]
[Result "0-1"]
[WhiteElo "2357"]
[BlackElo "2312"]
[PlyCount "98"]
[EventDate "2001.02.12"]

1. b3 d5 2. e3 e5 3. Bb2 Bd6 4. Nf3 Qe7 5. Nc3 c6 6. e4 Nf6 7. exd5 e4 8. Nd4
Be5 9. Nde2 cxd5 10. d4 exd3 11. Qxd3 Nc6 12. O-O-O Nb4 13. Qd2 O-O 14. a3 Nc6
15. Nf4 Be6 16. Bd3 Rac8 17. Nxe6 fxe6 18. Kb1 d4 19. Ne4 Nd5 20. g3 Nc3+ 21.
Nxc3 dxc3 22. Bxc3 Qxa3 23. Bxe5 Nxe5 24. Qe2 Qc5 25. f4 Nxd3 26. Rxd3 e5 27.
Rhd1 exf4 28. gxf4 Rxf4 29. Rd5 Qf8 30. Qe6+ Kh8 31. Rh5 Re8 32. Qg6 h6 33. Rd7
Rf1+ 34. Ka2 Ra1+ 35. Kb2 Qa3+ 36. Kc3 Rc8+ 37. Kd3 Rd1+ 38. Ke2 Rxd7 39. Rxh6+
gxh6 40. Qf6+ Rg7 41. Qxh6+ Kg8 42. Qe6+ Kh7 43. Qh3+ Kg6 44. Qe6+ Kg5 45. Qe5+
Kh6 46. Qe6+ Rg6 47. Qh3+ Kg7 48. Qd7+ Kf6 49. Qd6+ Qxd6 0-1

[Event "VI Torneo Internazionale"]
[Site "Montecatini Terme ITA"]
[Date "2001.02.20"]
[Round "9"]
[White "Mukic, Josko"]
[Black "Acher, Mathieu"]
[Result "0-1"]
[WhiteElo "2268"]
[BlackElo "2264"]
[PlyCount "102"]
[EventDate "2001.02.12"]

1. Nf3 g6 2. g3 Bg7 3. Bg2 d6 4. O-O e5 5. d3 f5 6. c4 h6 7. Nc3 Ne7 8. Bd2 O-O
9. b4 Kh8 10. Rc1 c6 11. b5 Be6 12. bxc6 bxc6 13. Qa4 Nd7 14. Qa3 Nc5 15. Be3
Nb7 16. Qa6 Na5 17. Nxe5 Bxe5 18. Bxc6 Naxc6 19. Bxh6 Rf7 20. Qa3 Rh7 21. Bg5
Rh5 22. h4 Qd7 23. e3 d5 24. d4 Bc7 25. c5 f4 26. exf4 Rxg5 27. hxg5 Bh3 28.
Rfd1 Bxf4 29. Rc2 Bxg5 30. Ne2 Rf8 31. f3 Qf5 32. Rc3 Qe6 33. Kf2 Kg7 34. Rb3
Bf5 35. Rb7 Be4 36. Ng1 Qf5 37. Kg2 Bc2 38. Re1 Rf7 39. g4 Qc8 40. Qb2 Bd3 41.
Nh3 Bf6 42. g5 Bxd4 43. Rexe7 Rxe7 44. Rxe7+ Kf8 45. Qd2 Nxe7 46. Qxd3 Qxc5 47.
Nf4 Kf7 48. Qa6 Qc2+ 49. Ne2 Bb6 50. Kg3 Qf5 51. f4 Qe4 0-1

[Event "VI Torneo Internazionale"]
[Site "Montecatini Terme ITA"]
[Date "2001.02.20"]
[Round "9"]
[White "Naumkin, Igor"]
[Black "Mrdja, Milan"]
[Result "1-0"]
[WhiteElo "2446"]
[BlackElo "2450"]
[PlyCount "57"]
[EventDate "2001.02.12"]

1. d4 Nf6 2. c4 g6 3. Nf3 Bg7 4. g3 O-O 5. Bg2 c6 6. Nc3 d6 7. O-O Qa5 8. h3
Be6 9. Qd3 Qa6 10. b3 d5 11. Ne5 dxc4 12. Nxc4 Rd8 13. Bb2 Bxc4 14. bxc4 Nbd7
15. Rab1 Ne5 16. Qd1 Nxc4 17. e3 b5 18. a4 Nxb2 19. Rxb2 Rab8 20. Qc2 e6 21.
Rfb1 Nd5 22. axb5 cxb5 23. Nxd5 exd5 24. Qd3 Bf8 25. Rxb5 Rxb5 26. Qxb5 Qxb5
27. Rxb5 Rd7 28. g4 Be7 29. Bxd5 1-0

[Event "VI Torneo Internazionale"]
[Site "Montecatini Terme ITA"]
[Date "2001.02.20"]
[Round "9"]
[White "Tomescu, Vlad"]
[Black "Voiska, Margarita"]
[Result "1-0"]
[WhiteElo "2427"]
[BlackElo "2320"]
[PlyCount "99"]
[EventDate "2001.02.12"]

1. e4 g6 2. d4 Bg7 3. c4 c5 4. d5 d6 5. Nc3 e6 6. f4 Ne7 7. Nf3 exd5 8. cxd5
O-O 9. Bc4 Bg4 10. O-O Nd7 11. a4 Kh8 12. Qd3 Bxf3 13. Rxf3 f5 14. Bd2 Nf6 15.
exf5 Nxf5 16. h3 a6 17. Re1 Qd7 18. Rff1 Rae8 19. g3 Rxe1 20. Rxe1 Nd4 21. Kg2
Nh5 22. Rf1 Re8 23. a5 Nf6 24. Re1 Rxe1 25. Bxe1 Qd8 26. Ne2 Qe7 27. b4 Nxe2
28. Qxe2 Nxd5 29. Qxe7 Nxe7 30. bxc5 dxc5 31. Kf3 Bd4 32. Ke4 Kg7 33. g4 Nc8
34. Kd5 b5 35. Be2 Ne7+ 36. Kd6 Kf7 37. Bf3 b4 38. Be2 Ke8 39. Bc4 Bc3 40. Bh4
Nc8+ 41. Kxc5 b3 42. Bxb3 Bxa5 43. Bc4 Bb6+ 44. Kd5 a5 45. Ke6 Be3 46. f5 gxf5
47. gxf5 Nb6 48. Bb5+ Kf8 49. Be7+ Kg8 50. f6 1-0

[Event "VI Torneo Internazionale"]
[Site "Montecatini Terme ITA"]
[Date "2001.02.21"]
[Round "10"]
[White "Acher, Mathieu"]
[Black "Naumkin, Igor"]
[Result "1/2-1/2"]
[WhiteElo "2264"]
[BlackElo "2446"]
[PlyCount "72"]
[EventDate "2001.02.12"]

1. e4 e6 2. d4 d5 3. Nc3 Bb4 4. e5 c5 5. a3 Bxc3+ 6. bxc3 Ne7 7. Qg4 O-O 8. Bd3
f5 9. exf6 Rxf6 10. Bg5 Rf7 11. Qh5 g6 12. Qd1 Nbc6 13. Nf3 c4 14. Be2 Qf8 15.
O-O h6 16. Be3 Nf5 17. Qd2 Kh7 18. h3 Bd7 19. Nh2 Qg7 20. f4 Raf8 21. Ng4 Be8
22. Kh2 a6 23. Bf2 Nd6 24. Bf3 h5 25. Ne5 Nxe5 26. fxe5 Nf5 27. Qe2 Qh6 28. Be1
Qf4+ 29. g3 Qg5 30. h4 Qe7 31. Bd2 Nxh4 32. gxh4 Qxh4+ 33. Kg2 Rxf3 34. Rxf3
Qg4+ 35. Kf2 Qh4+ 36. Kg2 Qg4+ 1/2-1/2

[Event "VI Torneo Internazionale"]
[Site "Montecatini Terme ITA"]
[Date "2001.02.21"]
[Round "10"]
[White "Chatalbashev, Boris"]
[Black "Mukic, Josko"]
[Result "1/2-1/2"]
[WhiteElo "2509"]
[BlackElo "2268"]
[PlyCount "86"]
[EventDate "2001.02.12"]

1. d4 Nf6 2. c4 e5 3. dxe5 Ng4 4. Bf4 g5 5. Bg3 Bg7 6. Nf3 Nc6 7. Nc3 Ngxe5 8.
Nxe5 Nxe5 9. Bxe5 Bxe5 10. g3 d6 11. Bg2 c6 12. h4 h6 13. hxg5 hxg5 14. Rxh8+
Bxh8 15. Qd2 Qa5 16. Rc1 Be6 17. c5 O-O-O 18. cxd6 Be5 19. Ne4 Qxd2+ 20. Kxd2
g4 21. Kc2 Bd5 22. Rh1 Rh8 23. f4 Rxh1 24. Bxh1 Bd4 25. b3 f5 26. d7+ Kd8 27.
Ng5 Kxd7 28. e4 fxe4 29. Bxe4 Ke7 30. Bf5 Bf2 31. Ne4 Bxe4+ 32. Bxe4 Kf6 33.
Kd3 Bxg3 34. Ke3 Bh4 35. Bd3 Be1 36. Be2 Kf5 37. Bd3+ Ke6 38. Be2 g3 39. Bg4+
Kd6 40. Kf3 b5 41. f5 Ke5 42. f6 Kxf6 43. Bd7 b4 1/2-1/2

[Event "VI Torneo Internazionale"]
[Site "Montecatini Terme ITA"]
[Date "2001.02.21"]
[Round "10"]
[White "Drei, Andrea"]
[Black "Marino, Olivier"]
[Result "1-0"]
[WhiteElo "2312"]
[BlackElo "2068"]
[PlyCount "61"]
[EventDate "2001.02.12"]

1. Nf3 Nf6 2. g3 g6 3. Bg2 Bg7 4. d3 O-O 5. O-O d6 6. c4 Nc6 7. Nc3 e5 8. Rb1
a5 9. a3 Nd7 10. b4 axb4 11. axb4 Ne7 12. Qb3 Kh8 13. Bb2 c6 14. e3 f5 15. Rfd1
f4 16. Ng5 fxe3 17. fxe3 Nf6 18. Nce4 Nf5 19. d4 Ng4 20. dxe5 Ngxe3 21. Rd3 d5
22. cxd5 cxd5 23. Nf6 Qb6 24. Kh1 Bxf6 25. exf6 Ng4 26. f7+ Ng7 27. Bd4 Qc7 28.
Bxd5 h6 29. Qb2 hxg5 30. Bxg7+ Kh7 31. Bxf8 1-0

[Event "VI Torneo Internazionale"]
[Site "Montecatini Terme ITA"]
[Date "2001.02.21"]
[Round "10"]
[White "Genocchio, Daniele"]
[Black "Lovric, Branko"]
[Result "1/2-1/2"]
[WhiteElo "2278"]
[BlackElo "2357"]
[PlyCount "22"]
[EventDate "2001.02.12"]

1. e4 e6 2. d4 d5 3. exd5 exd5 4. Nf3 Nf6 5. Bf4 Bf5 6. Bd3 Bxd3 7. Qxd3 Bd6 8.
Bxd6 Qxd6 9. O-O O-O 10. Nbd2 Nbd7 11. Rae1 Rae8 1/2-1/2

[Event "VI Torneo Internazionale"]
[Site "Montecatini Terme ITA"]
[Date "2001.02.21"]
[Round "10"]
[White "Sciortino, Massimo"]
[Black "Voiska, Margarita"]
[Result "1/2-1/2"]
[WhiteElo "2155"]
[BlackElo "2320"]
[PlyCount "24"]
[EventDate "2001.02.12"]

1. e4 e6 2. d4 d5 3. e5 c5 4. c3 Nc6 5. Nf3 Bd7 6. a3 cxd4 7. cxd4 Nge7 8. b4
Nf5 9. Bb2 Qb6 10. Be2 Be7 11. O-O O-O 12. Qd3 a6 1/2-1/2

[Event "VI Torneo Internazionale"]
[Site "Montecatini Terme ITA"]
[Date "2001.02.22"]
[Round "11"]
[White "Lovric, Branko"]
[Black "Sciortino, Massimo"]
[Result "0-1"]
[WhiteElo "2357"]
[BlackElo "2155"]
[PlyCount "117"]
[EventDate "2001.02.12"]

1. e4 c5 2. Nf3 Nc6 3. d4 cxd4 4. Nxd4 g6 5. c4 Nf6 6. Nc3 d6 7. Be2 Bg7 8. Be3
O-O 9. O-O Nxd4 10. Bxd4 Be6 11. Qd2 Qa5 12. Rfd1 Rfc8 13. Bxf6 Bxf6 14. Nd5
Qxd2 15. Nxf6+ exf6 16. Rxd2 Bxc4 17. Bxc4 Rxc4 18. f3 Rd8 19. Rad1 Rc6 20. Kf2
Kf8 21. Ke3 Ke7 22. h4 Rc5 23. g4 h5 24. Rg1 hxg4 25. Rxg4 Rh8 26. Kf4 f5 27.
exf5 Rxf5+ 28. Kg3 Rc8 29. Re4+ Re5 30. Kf4 Rxe4+ 31. fxe4 Ke6 32. Rh2 Rc1 33.
a3 Rf1+ 34. Ke3 d5 35. h5 gxh5 36. exd5+ Kxd5 37. Rxh5+ Kc6 38. b4 b5 39. Kd4
Rd1+ 40. Kc3 a6 41. Rh6+ Rd6 42. Rh7 f6 43. Ra7 Kd5 44. Kd3 Ke5+ 45. Ke3 f5 46.
Re7+ Re6 47. Rf7 Rf6 48. Re7+ Kd5 49. Kf4 Kd4 50. Re3 Rc6 51. Re1 Rc3 52. Ra1
Kc4 53. Kxf5 Kb3 54. Ke5 Kb2 55. Rh1 Kxa3 56. Ra1+ Kxb4 57. Rxa6 Rd3 58. Ke4
Rd8 59. Ra1 0-1

[Event "VI Torneo Internazionale"]
[Site "Montecatini Terme ITA"]
[Date "2001.02.22"]
[Round "11"]
[White "Naumkin, Igor"]
[Black "Chatalbashev, Boris"]
[Result "0-1"]
[WhiteElo "2446"]
[BlackElo "2509"]
[PlyCount "64"]
[EventDate "2001.02.12"]

1. d4 d5 2. c4 Bf5 3. Nf3 e6 4. cxd5 exd5 5. Nc3 c6 6. Bg5 Qb6 7. Qd2 Nd7 8. e3
h6 9. Bh4 Ngf6 10. Be2 Ne4 11. Qc1 g5 12. Bg3 Bg7 13. O-O Nxg3 14. hxg3 O-O 15.
a3 a5 16. Qd2 Rfe8 17. Rac1 Qd8 18. b4 axb4 19. axb4 b5 20. Bd3 Bxd3 21. Qxd3
Nb6 22. Ne1 Qd6 23. Qb1 Nc4 24. Rd1 Ra3 25. Ne2 Nxe3 26. fxe3 Raxe3 27. Nc1
Qxg3 28. Nf3 Rxf3 29. Rxf3 Bxd4+ 30. Rxd4 Re1+ 31. Rf1 Qe3+ 32. Kh2 Rxf1 0-1

[Event "VI Torneo Internazionale"]
[Site "Montecatini Terme ITA"]
[Date "2001.02.22"]
[Round "11"]
[White "Tomescu, Vlad"]
[Black "Acher, Mathieu"]
[Result "1/2-1/2"]
[WhiteElo "2427"]
[BlackElo "2264"]
[PlyCount "27"]
[EventDate "2001.02.12"]

1. d4 Nf6 2. c4 g6 3. Nc3 Bg7 4. e4 d6 5. f3 O-O 6. Be3 e5 7. Nge2 c6 8. Qd2
Qa5 9. Nc1 exd4 10. Bxd4 Be6 11. Be2 Nbd7 12. O-O Ne5 13. Nb3 Qc7 14. c5
1/2-1/2

[Event "VI Torneo Internazionale"]
[Site "Montecatini Terme ITA"]
[Date "2001.02.22"]
[Round "11"]
[White "Voiska, Margarita"]
[Black "Mrdja, Milan"]
[Result "1/2-1/2"]
[WhiteElo "2320"]
[BlackElo "2450"]
[PlyCount "20"]
[EventDate "2001.02.12"]

1. c4 g6 2. Nc3 Bg7 3. Nf3 Nf6 4. d4 O-O 5. Bg5 d6 6. e3 Nbd7 7. Be2 e5 8. dxe5
dxe5 9. Qc2 c6 10. O-O Qc7 1/2-1/2

[Event "V Torneo Amatori Catania A"]
[Site "Nicolosi ITA"]
[Date "2001.02.??"]
[Round "1"]
[White "Ausmins, Elmar"]
[Black "Reitano, Marcello"]
[Result "1-0"]
[WhiteElo "2335"]
[BlackElo "1882"]
[PlyCount "86"]
[EventDate "2001.02.04"]

1. d4 d6 2. e4 g6 3. h4 h5 4. Bc4 Nf6 5. Nc3 Bg7 6. Nh3 Bxh3 7. Rxh3 c6 8. Qf3
e5 9. dxe5 dxe5 10. Bg5 Nbd7 11. O-O-O Qe7 12. Qe3 Qc5 13. Qxc5 Nxc5 14. Rf3
Ncd7 15. Bxf7+ Ke7 16. Bxg6 Raf8 17. Rfd3 Rd8 18. Rd6 Nc5 19. Rxd8 Rxd8 20.
Rxd8 Kxd8 21. Bxh5 Kc7 22. Bg6 Ne6 23. Bxf6 Bxf6 24. g3 Nd4 25. Bh5 Bg7 26. Bg4
a6 27. a4 b6 28. Kd2 a5 29. Kd3 Kd6 30. Nd1 Bh6 31. Ne3 b5 32. f4 exf4 33. gxf4
Bxf4 34. Kxd4 Be5+ 35. Kd3 Bxb2 36. c3 Ke7 37. Bd1 Kf6 38. Bb3 Bc1 39. Ng4+ Ke7
40. h5 Kf8 41. h6 Bf4 42. e5 Bg5 43. e6 Bf4 1-0

[Event "V Torneo Amatori Catania A"]
[Site "Nicolosi ITA"]
[Date "2001.02.??"]
[Round "3"]
[White "Reitano, Marcello"]
[Black "Sardo, Gabriele"]
[Result "0-1"]
[WhiteElo "1882"]
[BlackElo "2163"]
[PlyCount "39"]
[EventDate "2001.02.04"]

1. e4 c5 2. c4 Nc6 3. Nc3 g6 4. g3 Bg7 5. Bg2 e6 6. Nge2 Nge7 7. O-O O-O 8. d3
d6 9. f4 Rb8 10. Rb1 a6 11. b3 b5 12. Qd2 b4 13. Nd1 d5 14. cxd5 exd5 15. Ne3
Nd4 16. h3 a5 17. Kh2 a4 18. bxa4 dxe4 19. dxe4 Ba6 20. Bf3 0-1

[Event "IX Open Vallee d'Aoste A"]
[Site "Saint Vincent - Chatillon ITA"]
[Date "2001.02.03"]
[Round "1"]
[White "Agistriotis, Mihail"]
[Black "Cebalo, Miso"]
[Result "0-1"]
[WhiteElo "2090"]
[BlackElo "2483"]
[PlyCount "102"]
[EventDate "2001.02.03"]

1. d4 Nf6 2. Nf3 e6 3. Bf4 c5 4. e3 b6 5. Nbd2 cxd4 6. exd4 Bb7 7. Bd3 Be7 8.
O-O d6 9. c3 Nbd7 10. Nc4 Qc7 11. a4 a6 12. Qe2 O-O 13. Ng5 Rfe8 14. h4 Bf8 15.
Rfe1 Bc6 16. Qc2 g6 17. f3 b5 18. axb5 axb5 19. Rxa8 Rxa8 20. Na3 Qb7 21. Qe2
e5 22. dxe5 dxe5 23. Bc1 Bc5+ 24. Kh2 Bxa3 25. bxa3 Ra4 26. c4 b4 27. axb4 Rxb4
28. Ba3 Rb3 29. Bd6 Rb2 30. Qf1 h6 31. Ne4 Nh5 32. Rb1 Nf4 33. Rxb2 Qxb2 34. c5
Kg7 35. Kg3 Qd4 36. Bb1 Bxe4 37. Bxe4 Nxc5 38. Bxc5 Qxc5 39. Qa1 Qe7 40. Qa6 g5
41. Qc8 gxh4+ 42. Kh2 Qg5 43. Qg4 Qxg4 44. fxg4 Ne6 45. Bf5 Kf6 46. Kh3 Kg5 47.
g3 hxg3 48. Kxg3 Ng7 49. Bc2 h5 50. gxh5 Nxh5+ 51. Kf3 f5 0-1

[Event "IX Open Vallee d'Aoste A"]
[Site "Saint Vincent - Chatillon ITA"]
[Date "2001.02.03"]
[Round "1"]
[White "Astengo, Corrado"]
[Black "Zelcic, Robert"]
[Result "1/2-1/2"]
[WhiteElo "2128"]
[BlackElo "2500"]
[PlyCount "98"]
[EventDate "2001.02.03"]

1. e4 Nf6 2. e5 Nd5 3. d4 d6 4. Be2 c6 5. Nf3 Bg4 6. Ng5 Bxe2 7. Qxe2 dxe5 8.
dxe5 e6 9. O-O Be7 10. Ne4 b5 11. a4 b4 12. Nbd2 O-O 13. Nc4 a5 14. b3 Nd7 15.
Bb2 N7b6 16. Rad1 Qc7 17. Ned6 Nxc4 18. Nxc4 Rad8 19. Qe4 h6 20. Rd3 Nb6 21.
Nd6 f5 22. exf6 Bxf6 23. Qxe6+ Kh7 24. Bxf6 Rxf6 25. Qe4+ Kh8 26. Nc4 Rxd3 27.
Qxd3 Nd5 28. Re1 Kg8 29. Qe4 Qa7 30. Ne3 Qc5 31. Qc4 Qe7 32. Rd1 Qa7 33. Qd4
Qxd4 34. Rxd4 Nc3 35. Kf1 c5 36. Rd8+ Kh7 37. Nd5 Nxd5 38. Rxd5 Rc6 39. Ke2 c4
40. bxc4 Rxc4 41. Kd2 Rc3 42. Rxa5 Ra3 43. Ra8 b3 44. cxb3 Rxb3 45. a5 Rb2+ 46.
Ke3 Rb3+ 47. Kd4 Rb2 48. Ke3 Rb3+ 49. Kd4 Rb2 1/2-1/2

[Event "IX Open Vallee d'Aoste A"]
[Site "Saint Vincent - Chatillon ITA"]
[Date "2001.02.03"]
[Round "1"]
[White "Barbieri, Giovanni"]
[Black "Drasko, Milan"]
[Result "0-1"]
[WhiteElo "2117"]
[BlackElo "2510"]
[PlyCount "74"]
[EventDate "2001.02.03"]

1. e4 e6 2. d4 d5 3. e5 c5 4. dxc5 Nc6 5. Nf3 Bxc5 6. Bd3 Nge7 7. O-O Ng6 8.
Re1 a6 9. c3 O-O 10. Nbd2 Qb6 11. Rf1 Ncxe5 12. Nxe5 Nxe5 13. Bxh7+ Kxh7 14.
Qh5+ Kg8 15. Qxe5 f6 16. Qh5 Qc7 17. Nb3 Bb6 18. Qf3 Rd8 19. Be3 e5 20. Rad1
Be6 21. Rfe1 a5 22. Bxb6 Qxb6 23. Qe3 Qxe3 24. Rxe3 Rd6 25. Rde1 a4 26. Nc1 a3
27. bxa3 g5 28. g3 g4 29. h3 Rxa3 30. hxg4 Bxg4 31. f3 Bd7 32. f4 e4 33. Nb3
Rxa2 34. Nd4 Bg4 35. Rb1 Rd7 36. Rc1 Rh7 37. Nc2 Bf3 0-1

[Event "IX Open Vallee d'Aoste A"]
[Site "Saint Vincent - Chatillon ITA"]
[Date "2001.02.03"]
[Round "1"]
[White "Bozzali, Ermanno"]
[Black "Ortega, Lexy"]
[Result "0-1"]
[WhiteElo "2085"]
[BlackElo "2472"]
[PlyCount "120"]
[EventDate "2001.02.03"]

1. d4 Nf6 2. Nf3 e6 3. Bf4 b6 4. e3 Bb7 5. Nbd2 Be7 6. h3 O-O 7. Bd3 c5 8. c3
d6 9. Qe2 Nc6 10. Bh2 Re8 11. a3 a6 12. O-O Bf8 13. e4 cxd4 14. cxd4 b5 15. e5
dxe5 16. dxe5 Nd7 17. Ne4 b4 18. Rfd1 bxa3 19. bxa3 Qc7 20. Nd6 Bxd6 21. exd6
Qa5 22. Rab1 Rab8 23. Rxb7 Rxb7 24. Qe4 Qf5 25. Qe2 Qc5 26. Bxa6 Rb3 27. a4 Rc3
28. Bb5 Rc1 29. Bf4 Rxd1+ 30. Qxd1 Rc8 31. Be3 Qb4 32. Kh2 h6 33. Qd2 Qa3 34.
Qd3 Qxd3 35. Bxd3 f5 36. Bb5 g5 37. Nd4 Nxd4 38. Bxd4 Rd8 39. Bc4 Kf7 40. g4
fxg4 41. hxg4 Nf6 42. f3 Rxd6 43. Be5 Rd2+ 44. Kg3 Rc2 45. Bb5 Ra2 46. Bc7 Nd5
47. Be5 Nb6 48. Bd3 Rxa4 49. Kf2 Nd5 50. Be4 Ra2+ 51. Kg3 Rd2 52. f4 Nxf4 53.
Bxf4 gxf4+ 54. Kxf4 Kf6 55. Ke3 Ra2 56. Kd4 Ra4+ 57. Ke3 Ke5 58. Bf3 Ra3+ 59.
Kf2 Kf4 60. Be2 Ra2 0-1

[Event "IX Open Vallee d'Aoste A"]
[Site "Saint Vincent - Chatillon ITA"]
[Date "2001.02.03"]
[Round "1"]
[White "Caoili, Arianne"]
[Black "Vescovi Portilho, Giovanni"]
[Result "0-1"]
[WhiteElo "2132"]
[BlackElo "2519"]
[PlyCount "56"]
[EventDate "2001.02.03"]

1. Nf3 Nf6 2. d4 e6 3. c4 b6 4. g3 Ba6 5. Nbd2 d5 6. cxd5 exd5 7. Bg2 Bd6 8.
O-O O-O 9. b3 Nbd7 10. Bb2 Re8 11. Re1 Bb7 12. Rc1 Rb8 13. Nb1 Qe7 14. Rc2 Ne4
15. Qc1 c5 16. Rd1 Ndf6 17. dxc5 bxc5 18. Nh4 Qe6 19. f3 Nxg3 20. hxg3 d4 21.
Na3 Nd5 22. Nc4 Bxg3 23. Qg5 Nf4 24. Qf5 Qh6 25. Qh3 Bc8 26. Qh1 g5 27. Kf1
gxh4 28. Bh3 Ba6 0-1

[Event "IX Open Vallee d'Aoste A"]
[Site "Saint Vincent - Chatillon ITA"]
[Date "2001.02.03"]
[Round "1"]
[White "Chatalbashev, Boris"]
[Black "Berni, Giorgio"]
[Result "1-0"]
[WhiteElo "2509"]
[BlackElo "2102"]
[PlyCount "53"]
[EventDate "2001.02.03"]

1. d4 Nf6 2. c4 g6 3. Nc3 Bg7 4. e4 d6 5. Bd3 O-O 6. Nge2 e5 7. d5 Nbd7 8. O-O
Nc5 9. Bc2 a5 10. f3 Ne8 11. Be3 f5 12. exf5 gxf5 13. f4 e4 14. a3 Nf6 15. h3
Bd7 16. b4 axb4 17. axb4 Rxa1 18. Qxa1 Na6 19. Qa3 Nb8 20. c5 Kh8 21. Nd4 Ne8
22. Rd1 Qh4 23. Nce2 Nf6 24. Ne6 Bxe6 25. dxe6 d5 26. Qa7 Qh5 27. Rd2 1-0

[Event "IX Open Vallee d'Aoste A"]
[Site "Saint Vincent - Chatillon ITA"]
[Date "2001.02.03"]
[Round "1"]
[White "Coratella, Giuseppe"]
[Black "Rogers, Ian"]
[Result "0-1"]
[WhiteElo "2170"]
[BlackElo "2529"]
[PlyCount "72"]
[EventDate "2001.02.03"]

1. e4 c5 2. Nf3 Nc6 3. d4 cxd4 4. Nxd4 g6 5. Nc3 Bg7 6. Be3 Nf6 7. Be2 O-O 8.
O-O d5 9. exd5 Nxd5 10. Nxd5 Qxd5 11. Bf3 Qa5 12. Nb3 Qc7 13. c3 Rd8 14. Qc1
Ne5 15. Be2 Ng4 16. Bf4 e5 17. Bg3 Qe7 18. h3 Nh6 19. Re1 Nf5 20. Bh2 a5 21.
Qc2 Nd6 22. Bf3 a4 23. Nd4 Bxh3 24. gxh3 Qg5+ 25. Kh1 exd4 26. cxd4 Bxd4 27.
Rad1 Qh4 28. Bd5 Bxf2 29. Rf1 Bg3 30. Qg2 Bxh2 31. Kxh2 Rac8 32. Rd2 Rc7 33.
Rdf2 Qd4 34. Qg5 Re8 35. Rf6 Rc2+ 36. Kh1 Ree2 0-1

[Event "IX Open Vallee d'Aoste A"]
[Site "Saint Vincent - Chatillon ITA"]
[Date "2001.02.03"]
[Round "1"]
[White "Del Rio Angelis, Salvador Gabriel"]
[Black "Raineri, Valerio"]
[Result "1-0"]
[WhiteElo "2472"]
[BlackElo "2098"]
[PlyCount "85"]
[EventDate "2001.02.03"]

1. e4 e5 2. Nf3 Nc6 3. Bb5 a6 4. Ba4 Nf6 5. d3 d6 6. c3 Bd7 7. Nbd2 Be7 8. Nf1
O-O 9. Ng3 Ne8 10. O-O g6 11. d4 b5 12. Bb3 Ng7 13. h3 Kh8 14. Re1 Bf6 15. Bh6
Qe7 16. Nf1 Rfc8 17. Ne3 Qe8 18. Ng4 Nh5 19. Nxf6 Nxf6 20. Ng5 Nd8 21. Qf3 Qe7
22. Bf8 Qxf8 23. Qxf6+ Qg7 24. dxe5 Qxf6 25. exf6 Be6 26. Bd5 Rab8 27. Rad1 h6
28. Nf3 g5 29. e5 Rb6 30. Bxe6 fxe6 31. exd6 cxd6 32. Nd4 d5 33. Rd3 Kg8 34. h4
Kf7 35. hxg5 hxg5 36. Rf3 b4 37. g4 bxc3 38. bxc3 Nb7 39. Re5 Rg8 40. Rh3 Rg6
41. Nxe6 Rxe6 42. Rh7+ Kxf6 43. Rf5# 1-0

[Event "IX Open Vallee d'Aoste A"]
[Site "Saint Vincent - Chatillon ITA"]
[Date "2001.02.03"]
[Round "1"]
[White "Ferrari, Nicola"]
[Black "Atalik, Suat"]
[Result "0-1"]
[WhiteElo "2185"]
[BlackElo "2543"]
[PlyCount "72"]
[EventDate "2001.02.03"]

1. e4 c5 2. Nf3 d6 3. Bb5+ Nd7 4. d4 Ngf6 5. Nc3 a6 6. Bxd7+ Nxd7 7. O-O cxd4
8. Qxd4 e6 9. Be3 Qf6 10. Qa4 Rb8 11. Bg5 Qg6 12. Rfe1 f6 13. Bf4 Qf7 14. Rad1
b5 15. Qa5 Nb6 16. Bxd6 Nc4 17. Qb4 Bxd6 18. Rxd6 Qe7 19. Red1 Nxd6 20. Rxd6
Rb6 21. e5 fxe5 22. Ne4 O-O 23. Rd4 Qxb4 24. Rxb4 Bb7 25. Nxe5 Rd8 26. f3 a5
27. Rb3 Bxe4 28. fxe4 Rd1+ 29. Kf2 Rd2+ 30. Kf3 Rxc2 31. Rc3 Rxc3+ 32. bxc3 b4
33. c4 a4 34. Nd3 b3 35. axb3 Rxb3 36. Ke2 a3 0-1

[Event "IX Open Vallee d'Aoste A"]
[Site "Saint Vincent - Chatillon ITA"]
[Date "2001.02.03"]
[Round "1"]
[White "Fominyh, Alexander"]
[Black "Friedrich, Norbert"]
[Result "1-0"]
[WhiteElo "2582"]
[BlackElo "2229"]
[PlyCount "81"]
[EventDate "2001.02.03"]

1. d4 d5 2. c4 c6 3. Nf3 Nf6 4. e3 a6 5. a4 e6 6. Nc3 c5 7. cxd5 exd5 8. Be2
Nc6 9. O-O Bd6 10. b3 cxd4 11. Nxd4 O-O 12. Ba3 Bxa3 13. Rxa3 Qb6 14. Nxc6 bxc6
15. a5 Qb4 16. Qc1 Rb8 17. Na2 Qd6 18. b4 Re8 19. Rc3 Re6 20. Rc2 Ne4 21. Qa1
Rg6 22. f3 Rh6 23. f4 Bb7 24. Qd4 Qe7 25. Bf3 Nd6 26. Qc5 Re8 27. Re2 Re6 28.
Rfe1 Qf6 29. Nc1 Nc4 30. Nd3 Bc8 31. Nf2 Qc3 32. e4 R6e7 33. Nd1 Qb3 34. Ne3
Nxe3 35. Rxe3 Qb2 36. exd5 Rxe3 37. Rxe3 Qb1+ 38. Kf2 Rxe3 39. Qxe3 Bd7 40. Qe7
Qc2+ 41. Be2 1-0